Normal view
MARC view
- Dr. Muhammad Younas
Entry Personal Name
001 - CONTROL NUMBER
- control field: 31671
003 - CONTROL NUMBER IDENTIFIER
- control field: NUST
005 - DATE AND TIME OF LATEST TRANSACTION
- control field: 20201016142013.0
008 - FIXED-LENGTH DATA ELEMENTS
- fixed length control field: 201016|| aca||aabn | a|a d
040 ## - CATALOGING SOURCE
- Original cataloging agency: NUST
- Transcribing agency: NUST
100 ## - HEADING--PERSONAL NAME
- Personal name: Dr. Muhammad Younas
670 ## - SOURCE DATA FOUND
- Source citation: Work cat.: (NUST): Altaf, Asma 31670, Person Recognition using Signature Facial Mannerism /, 2014.
